[Event "23rd EUR-ch"]
[Site "Vrnjacka Banja SRB"]
[Date "2023.03.06"]
[Round "4.71"]
[White "Valsecchi, Alessio"]
[Black "Suarez Uriel, Adrian"]
[Result "0-1"]
[WhiteElo "2505"]
[BlackElo "2370"]
[EventDate "2023.03.03"]
[PlyCount "130"]

1.e4 c5 2.Nf3 d6 3.d4 cxd4 4.Nxd4 Nf6 5.Nc3 a6 6.f3 e5 7.Nb3 Be6 8.Be3 Be7
9.Qd2 h5 10.Be2 Nbd7 11.Nd5 Bxd5 12.exd5 Qc7 13.c4 a5 14.Rc1 a4 15.Na1 e4 
16.Nc2 exf3 17.gxf3 Ne5 18.Nd4 Qd7 19.O-O Kf8 20.Kh1 h4 21.f4 Neg4 22.Bg1 
Ne4 23.Qd3 Ng3+ 24.hxg3 hxg3+ 25.Kg2 Ne3+ 26.Kf3 Nxf1 27.Bxf1 Bf6 28.Nf5 
Re8 29.c5 dxc5 30.Rxc5 b6 31.Rc6 Rh5 32.Nxg3 Rxd5 33.Qc4 b5 34.Qc2 Rd2 35.
Qc5+ Kg8 36.Rxf6 gxf6 37.Bxb5 Qb7+ 38.Qc6 Qxc6+ 39.Bxc6 Rd3+ 40.Kg2 Rd2+ 
41.Bf2 Rc8 42.Bxa4 Rc4 43.Bb5 Rxf4 44.Be2 Rxb2 45.a3 Ra4 46.Bc5 Rg4 47.Kf3
Rxg3+ 48.Kxg3 Rxe2 49.Kf4 Kg7 50.Bb4 Kg6 51.Kf3 Rc2 52.Kf4 Rc4+ 53.Kf3 Kf5
54.Ke3 Kg4 55.Kd3 Rf4 56.Kc3 Rf3+ 57.Kc4 Rf1 58.a4 Ra1 59.a5 f5 60.Bc3 Ra2
61.Kb3 Re2 62.a6 f4 63.Kc4 Ra2 64.Kb5 f3 65.Bd4 f2 0-1

[Event "23rd EUR-ch"]
[Site "Vrnjacka Banja SRB"]
[Date "2023.03.06"]
[Round "4.72"]
[White "Manafov, Vugar"]
[Black "Wieczorek, Oskar"]
[Result "1/2-1/2"]
[WhiteElo "2349"]
[BlackElo "2505"]
[EventDate "2023.03.03"]
[PlyCount "32"]

1.d4 Nf6 2.Nf3 c5 3.c4 cxd4 4.Nxd4 e6 5.e3 Nc6 6.Be2 d5 7.cxd5 exd5 8.O-O 
Bd6 9.b3 Qe7 10.Nb5 Bc5 11.Bb2 Be6 12.Bxf6 gxf6 13.N1c3 a6 14.Nd4 Bxd4 15.
exd4 Qb4 16.Rc1 Qxd4 1/2-1/2

[Event "23rd EUR-ch"]
[Site "Vrnjacka Banja SRB"]
[Date "2023.03.06"]
[Round "4.73"]
[White "Druska, Juraj"]
[Black "Schekachikhin, Maksim"]
[Result "1/2-1/2"]
[WhiteElo "2505"]
[BlackElo "2367"]
[EventDate "2023.03.03"]
[PlyCount "93"]

1.d4 d5 2.c4 e6 3.Nf3 Nf6 4.g3 Be7 5.Bg2 O-O 6.O-O c6 7.Qc2 b6 8.Nbd2 c5 
9.dxc5 bxc5 10.Ne5 Bb7 11.cxd5 exd5 12.Rd1 Qc7 13.Ndf3 Bd6 14.Nd3 Nbd7 15.
Bf4 Rac8 16.Rac1 a5 17.Nd4 Bxf4 18.Nxf4 Qe5 19.Nf5 Rb8 20.Ne3 d4 21.Nc4 
Qc7 22.Bxb7 Rxb7 23.e3 dxe3 24.Nxe3 Re8 25.b3 Qb8 26.Nc4 Ra7 27.Nd6 Rf8 
28.Ne4 a4 29.bxa4 Qa8 30.Nxf6+ Nxf6 31.Qxc5 Rxa4 32.Nd5 Nxd5 33.Rxd5 Rxa2 
34.Qd4 Qa7 35.Qxa7 Rxa7 36.h4 g6 37.h5 Kg7 38.Rc4 Rfa8 39.Rh4 h6 40.hxg6 
fxg6 41.Rd6 Rf8 42.Rg4 Rf6 43.Rxf6 Kxf6 44.Rf4+ Kg7 45.Kg2 g5 46.Rd4 Ra6 
47.Kf3 1/2-1/2

[Event "23rd EUR-ch"]
[Site "Vrnjacka Banja SRB"]
[Date "2023.03.06"]
[Round "4.74"]
[White "Kraus, Tomas"]
[Black "Hnydiuk, Aleksander"]
[Result "1-0"]
[WhiteElo "2486"]
[BlackElo "2364"]
[EventDate "2023.03.03"]
[PlyCount "114"]

1.d4 Nf6 2.Nf3 g6 3.c4 Bg7 4.Nc3 d5 5.cxd5 Nxd5 6.e4 Nxc3 7.bxc3 c5 8.Bb5+
Nc6 9.O-O O-O 10.Bxc6 bxc6 11.Qc2 Qa5 12.a4 Ba6 13.Rd1 Rac8 14.Rb1 cxd4 
15.cxd4 c5 16.d5 Qc3 17.Qxc3 Bxc3 18.Ba3 Be2 19.Rdc1 Bb4 20.Bxb4 cxb4 21.
Ne5 Rxc1+ 22.Rxc1 b3 23.Rb1 Rb8 24.Nc6 Rb7 25.Rb2 Kf8 26.f3 Bd1 27.Kf2 f5 
28.Ke3 fxe4 29.fxe4 Bc2 30.a5 Rb5 31.Kd4 a6 32.g4 Ke8 33.g5 Kd7 34.Ke5 Rc5
35.Kd4 Rxc6 36.dxc6+ Kxc6 37.Kc4 Kd6 38.Kd4 Kc6 39.Kc4 Kd7 40.Kd5 e6+ 41.
Kc5 e5 42.Kd5 Kc7 43.Kxe5 Kc6 44.Kd4 Kd6 45.e5+ Ke6 46.h3 Kd7 47.Kd5 Ke7 
48.h4 Bd1 49.Kc5 Bc2 50.Kb6 Ke6 51.Kxa6 Kxe5 52.Kb5 Kd6 53.Kb4 Kc6 54.Rxb3
Bxb3 55.Kxb3 Kb5 56.Kc3 Kxa5 57.Kd4 Kb4 1-0

[Event "23rd EUR-ch"]
[Site "Vrnjacka Banja SRB"]
[Date "2023.03.06"]
[Round "4.75"]
[White "Zanan, Evgeny"]
[Black "Damjanovic, Vuk"]
[Result "1/2-1/2"]
[WhiteElo "2485"]
[BlackElo "2361"]
[EventDate "2023.03.03"]
[PlyCount "81"]

1.d4 d6 2.e4 Nf6 3.Nc3 e5 4.Nf3 Nbd7 5.Bc4 Be7 6.O-O O-O 7.Re1 b6 8.a4 Bb7
9.a5 a6 10.axb6 cxb6 11.d5 b5 12.Bd3 Qc7 13.Bd2 Nb6 14.b3 Rfe8 15.Nb1 Bf8 
16.Ba5 Bxd5 17.exd5 e4 18.Bxe4 Rxe4 19.Rxe4 Nxe4 20.Qd4 Nc5 21.Nbd2 Qb7 
22.c4 bxc4 23.bxc4 Nbd7 24.Rb1 Qa7 25.Qe3 Nb7 26.Qxa7 Rxa7 27.Nb3 Ra8 28.
Bd2 a5 29.Nbd4 Nbc5 30.Nb5 a4 31.Bb4 Ra6 32.Ba3 Nb3 33.Re1 Ra8 34.g4 h6 
35.Kg2 Nb6 36.Re4 Na5 37.Nd2 Nb3 38.Nb1 Na5 39.Nd2 Nb3 40.Nb1 Na5 41.Nd2 
1/2-1/2

[Event "23rd EUR-ch"]
[Site "Vrnjacka Banja SRB"]
[Date "2023.03.06"]
[Round "4.76"]
[White "Milosevic, Milos"]
[Black "Parkhov, Yair"]
[Result "1/2-1/2"]
[WhiteElo "2347"]
[BlackElo "2485"]
[EventDate "2023.03.03"]
[PlyCount "46"]

1.Nf3 Nf6 2.g3 g6 3.Bg2 Bg7 4.O-O O-O 5.d4 d6 6.a4 a5 7.Nc3 d5 8.Bf4 c6 9.
Ne5 Nbd7 10.Nxd7 Bxd7 11.Qd2 Bf5 12.Be5 Qd7 13.Rfe1 Rfe8 14.Rab1 h5 15.b4 
axb4 16.Rxb4 h4 17.Reb1 Ra7 18.Qc1 Bh3 19.Bf3 Nh7 20.Bxg7 Kxg7 21.e4 hxg3 
22.hxg3 dxe4 23.Nxe4 Qf5 1/2-1/2

[Event "23rd EUR-ch"]
[Site "Vrnjacka Banja SRB"]
[Date "2023.03.06"]
[Round "4.77"]
[White "Babazada, Khazar"]
[Black "Szwed, Jacek"]
[Result "1-0"]
[WhiteElo "2481"]
[BlackElo "2361"]
[EventDate "2023.03.03"]
[PlyCount "73"]

1.Nf3 d5 2.g3 Nf6 3.Bg2 e6 4.O-O Be7 5.c4 O-O 6.d4 dxc4 7.Qc2 a6 8.a4 Bd7 
9.Qxc4 Bc6 10.Bf4 Bd6 11.Nc3 a5 12.Bg5 Bb4 13.Qd3 Nbd7 14.Rfe1 h6 15.Bxf6 
Nxf6 16.e4 b6 17.Ne5 Bb7 18.Red1 Qe7 19.Na2 Rfd8 20.Qc2 c5 21.Nxb4 axb4 
22.dxc5 Rxd1+ 23.Rxd1 Qxc5 24.Qxc5 bxc5 25.f3 Rxa4 26.Rd8+ Kh7 27.Nxf7 
Ra1+ 28.Kf2 Ra2 29.Rh8+ Kg6 30.Ne5+ Kh5 31.h4 Rxb2+ 32.Kg1 Ba6 33.Bh3 Rb1+
34.Kf2 Nxe4+ 35.fxe4 Rb2+ 36.Ke3 Re2+ 37.Kf3 1-0

[Event "23rd EUR-ch"]
[Site "Vrnjacka Banja SRB"]
[Date "2023.03.06"]
[Round "4.78"]
[White "Kosakowski, Jakub"]
[Black "Novkovic, Milan"]
[Result "1-0"]
[WhiteElo "2476"]
[BlackElo "2356"]
[EventDate "2023.03.03"]
[PlyCount "115"]

1.e4 e5 2.Nf3 Nc6 3.Bb5 a6 4.Ba4 Nf6 5.O-O Be7 6.d3 d6 7.c4 O-O 8.h3 Nd7 
9.Nc3 Nc5 10.Bxc6 bxc6 11.d4 exd4 12.Nxd4 Bd7 13.Be3 Bf6 14.Qc2 Qb8 15.
Rab1 a5 16.b3 Re8 17.Nde2 Qb4 18.Bd2 Qb6 19.Rfd1 Ne6 20.Be3 Qa6 21.c5 Be7 
22.cxd6 cxd6 23.Rbc1 Red8 24.Qd2 Be8 25.Ng3 Bf8 26.Nf5 Kh8 27.Qb2 Qb7 28.
Qe2 c5 29.Qf3 a4 30.bxa4 Bxa4 31.Rd2 Bc6 32.Rb1 Qc7 33.Nd5 Qa7 34.Qg3 Rab8
35.Rbd1 Bxd5 36.exd5 Nc7 37.Bh6 Ne8 38.Bg5 f6 39.Bf4 Qd7 40.Qd3 Rb4 41.Bg3
g6 42.Ne3 Bh6 43.Qc3 Kg7 44.Re2 Re4 45.Rde1 Bxe3 46.Rxe3 Rxe3 47.Rxe3 Nc7 
48.Qe1 Kf7 49.Qd2 Qf5 50.Rd3 c4 51.Rd4 c3 52.Qxc3 Nb5 53.Qa5 Nxd4 54.Qxd8 
Qxd5 55.Qd7+ Kg8 56.Bxd6 Qe4 57.Kh2 Ne2 58.f3 1-0

[Event "23rd EUR-ch"]
[Site "Vrnjacka Banja SRB"]
[Date "2023.03.06"]
[Round "4.79"]
[White "Clarke, Brandon"]
[Black "Taspinar, Yanki"]
[Result "1/2-1/2"]
[WhiteElo "2475"]
[BlackElo "2262"]
[EventDate "2023.03.03"]
[PlyCount "82"]

1.e4 e5 2.Nf3 Nc6 3.Bb5 g6 4.c3 a6 5.Ba4 d6 6.d4 Bd7 7.O-O Bg7 8.Re1 Nf6 
9.Bxc6 Bxc6 10.dxe5 Nxe4 11.exd6 O-O 12.dxc7 Qxc7 13.Be3 Rad8 14.Qc2 Rfe8 
15.Nbd2 Nxd2 16.Nxd2 Qd7 17.Rad1 Qd5 18.Nf3 Qxa2 19.Rxd8 Rxd8 20.Nd4 Qd5 
21.Nxc6 Qxc6 22.Rd1 Rd5 23.Qb3 Rd7 24.h3 Bf6 25.Re1 h5 26.Qb4 Rd8 27.Qf4 
Bg7 28.Qb4 Bf6 29.Qb3 Kg7 30.Ra1 Rd5 31.Qc2 Rd7 32.Ra4 Qd5 33.Ra1 Qc4 34.
Re1 Rd8 35.Qc1 Kg8 36.Bg5 Qc6 37.Qf4 Kg7 38.Bh6+ Kg8 39.Bg5 Kg7 40.Bh6+ 
Kg8 41.Bg5 Kg7 1/2-1/2

[Event "23rd EUR-ch"]
[Site "Vrnjacka Banja SRB"]
[Date "2023.03.06"]
[Round "4.80"]
[White "Atakishiyev, Elmar"]
[Black "Briakin, Mikhail"]
[Result "1/2-1/2"]
[WhiteElo "2344"]
[BlackElo "2474"]
[EventDate "2023.03.03"]
[PlyCount "172"]

1.d4 Nf6 2.c4 e6 3.g3 Bb4+ 4.Bd2 c5 5.Bxb4 cxb4 6.Bg2 O-O 7.Nf3 a5 8.O-O 
d6 9.a3 Na6 10.Re1 Qc7 11.Nbd2 b6 12.Rc1 Bb7 13.e3 e5 14.h3 Rfe8 15.Qc2 
Rad8 16.Nh2 Bxg2 17.Kxg2 Qb7+ 18.Kg1 e4 19.Qa4 Rc8 20.Qb5 Nc7 21.Qf5 bxa3 
22.bxa3 Qc6 23.Ng4 Nxg4 24.Qxg4 d5 25.cxd5 Qxd5 26.Nc4 f5 27.Qe2 Qe6 28.
Ne5 Nd5 29.Kh2 h6 30.Qa6 Kh7 31.Qb7 Nf6 32.Qf7 Qxf7 33.Nxf7 Nd5 34.Nd6 
Rxc1 35.Rxc1 Re6 36.Nb5 g5 37.Nc7 Nxc7 38.Rxc7+ Kg6 39.d5 Re5 40.Rc6+ Kf7 
41.Rxh6 b5 42.Rh7+ Kf6 43.Ra7 b4 44.Rxa5 bxa3 45.Rxa3 Rxd5 46.Ra6+ Kg7 47.
g4 fxg4 48.hxg4 Re5 49.Kg2 Kf7 50.Kf1 Kg7 51.Ke2 Re8 52.Ra5 Kg6 53.Rf5 Re7
54.Kd2 Rd7+ 55.Ke1 Re7 56.Ke2 Re8 57.Kd2 Rd8+ 58.Kc3 Rd3+ 59.Kc4 Rd2 60.
Kc5 Kh6 61.Re5 Rxf2 62.Rxe4 Kg6 63.Kd5 Kf6 64.Re6+ Kf7 65.Ra6 Rg2 66.Ra4 
Kf6 67.Ra6+ Kf7 68.Ra4 Kf6 69.e4 Rd2+ 70.Rd4 Ra2 71.e5+ Ke7 72.Rd3 Ra4 73.
Rd4 Ra2 74.Rb4 Rd2+ 75.Ke4 Rf2 76.Rb7+ Ke6 77.Rb6+ Ke7 78.Ra6 Rf1 79.Rb6 
Rf2 80.Rh6 Rf1 81.Rh5 Rf4+ 82.Kd5 Rxg4 83.Rh7+ Kf8 84.Ke6 Ra4 85.Kf6 Rf4+ 
86.Kxg5 Rf1 1/2-1/2

[Event "23rd EUR-ch"]
[Site "Vrnjacka Banja SRB"]
[Date "2023.03.06"]
[Round "4.81"]
[White "Janzelj, Tim"]
[Black "Petrovic, Aleksa"]
[Result "1/2-1/2"]
[WhiteElo "2472"]
[BlackElo "2254"]
[EventDate "2023.03.03"]
[PlyCount "91"]

1.e4 c6 2.d4 d5 3.e5 c5 4.Nf3 cxd4 5.Nxd4 Nc6 6.c4 e6 7.Nc3 Bb4 8.Nxc6 
bxc6 9.Qa4 a5 10.cxd5 Qxd5 11.Qxb4 axb4 12.Nxd5 exd5 13.Be3 f6 14.f4 fxe5 
15.fxe5 Ne7 16.Be2 O-O 17.Bc5 Re8 18.Bxb4 Nf5 19.O-O Rxe5 20.Bd3 Bd7 21.
Bc3 d4 22.Bxf5 Rxf5 23.Bxd4 Ra4 24.Bc3 Rxf1+ 25.Kxf1 Be6 26.a3 Rf4+ 27.Ke2
Re4+ 28.Kd3 Bf5 29.Kd2 Bg4 30.h3 Bh5 31.g4 Bf7 32.a4 Bc4 33.Re1 Rxe1 34.
Kxe1 Kf7 35.Kf2 g6 36.Ke3 c5 37.Ke4 Ke6 38.a5 Kd6 39.g5 Bd5+ 40.Kd3 Bb7 
41.Bg7 Kd5 42.Kc3 Ba6 43.Bf8 Bf1 44.h4 Ba6 45.Be7 Bf1 46.Bf8 1/2-1/2

[Event "23rd EUR-ch"]
[Site "Vrnjacka Banja SRB"]
[Date "2023.03.06"]
[Round "4.82"]
[White "Eren, Ataberk"]
[Black "Firat, Burak"]
[Result "1/2-1/2"]
[WhiteElo "2308"]
[BlackElo "2471"]
[EventDate "2023.03.03"]
[PlyCount "133"]

1.e4 c5 2.Nc3 a6 3.g3 Nc6 4.Bg2 g6 5.f4 Bg7 6.Nge2 d6 7.O-O Nf6 8.h3 O-O 
9.d3 Nd4 10.g4 Nd7 11.Ng3 e6 12.g5 Nb6 13.h4 f6 14.a4 fxg5 15.hxg5 Bd7 16.
a5 Nc8 17.Nce2 Ne7 18.c3 Ndc6 19.f5 exf5 20.exf5 Nxf5 21.Qb3+ c4 22.Qxc4+ 
Kh8 23.Nxf5 Bxf5 24.d4 Rc8 25.Qd5 Re8 26.Ng3 Be6 27.Qf3 Nxa5 28.Bf4 Nb3 
29.Rad1 Bc4 30.Rfe1 d5 31.Bh3 Ra8 32.Kg2 Qb6 33.Rh1 Rf8 34.Qg4 Nxd4 35.
cxd4 Bxd4 36.Rd2 Rae8 37.Qd7 Bg7 38.Qc7 Qxc7 39.Bxc7 Be5 40.Bb6 d4 41.Rc1 
Bd5+ 42.Kh2 Bf4 43.Bxd4+ Kg8 44.Rc5 Bxd2 45.Rxd5 Be3 46.Bf6 h6 47.Bd7 Bxg5
48.Bxg5 hxg5 49.Bxe8 Rxe8 50.Rd6 Kg7 51.Rb6 Re7 52.Kh3 Rf7 53.Kg4 Kh6 54.
Ne2 Rd7 55.Ng3 Rf7 56.Ne2 Rd7 57.Nc3 Rd4+ 58.Kf3 g4+ 59.Ke3 Rd7 60.Ne4 Rf7
61.Rd6 Rf3+ 62.Ke2 Rb3 63.Rd2 Kh5 64.Kf2 a5 65.Nc3 Kh4 66.Kg2 b5 67.Ne4 
1/2-1/2

[Event "23rd EUR-ch"]
[Site "Vrnjacka Banja SRB"]
[Date "2023.03.06"]
[Round "4.83"]
[White "Samadov, Read"]
[Black "Gallana, Marco"]
[Result "1-0"]
[WhiteElo "2471"]
[BlackElo "2250"]
[EventDate "2023.03.03"]
[PlyCount "43"]

1.d4 d5 2.c4 e6 3.Nf3 c5 4.cxd5 exd5 5.g3 Nf6 6.Bg2 Nc6 7.O-O Be7 8.dxc5 
Bxc5 9.a3 Ne4 10.Qd3 O-O 11.Nc3 Nxc3 12.Qxc3 Be7 13.Be3 Bf6 14.Qc2 Re8 15.
Rad1 Bg4 16.Ng5 Bxg5 17.Rxd5 Qf6 18.Bxg5 Rxe2 19.Bxf6 Rxc2 20.Rg5 Be2 21.
Rxg7+ Kf8 22.Rxh7 1-0

[Event "23rd EUR-ch"]
[Site "Vrnjacka Banja SRB"]
[Date "2023.03.06"]
[Round "4.84"]
[White "Averin, Nikolai"]
[Black "Saraci, Nderim"]
[Result "1/2-1/2"]
[WhiteElo "2296"]
[BlackElo "2469"]
[EventDate "2023.03.03"]
[PlyCount "108"]

1.e4 e5 2.Nf3 Nc6 3.Bb5 a6 4.Ba4 Nf6 5.O-O Nxe4 6.d4 b5 7.Bb3 d5 8.dxe5 
Be6 9.Nbd2 Nc5 10.c3 d4 11.Bc2 Be7 12.Nb3 d3 13.Bb1 Nxb3 14.axb3 Bf5 15.
Be3 O-O 16.Bd4 Qd5 17.Bxd3 Bxd3 18.Qxd3 Qxb3 19.Qe4 Qe6 20.Rfd1 a5 21.Be3 
a4 22.Qd5 b4 23.Qxe6 fxe6 24.cxb4 Nxb4 25.Nd4 Ra6 26.Rac1 Nd5 27.Nc6 Re8 
28.Bd4 Bf8 29.g3 Rea8 30.Rc2 Kf7 31.f4 a3 32.bxa3 Rxa3 33.Bf2 g6 34.Nd4 
Ra1 35.Rxa1 Rxa1+ 36.Kg2 Ra6 37.Nb5 c6 38.Nd6+ Ke7 39.Ne4 Kd7 40.Rb2 Ra4 
41.Rb7+ Kc8 42.Rxh7 Rxe4 43.Rh8 Re2 44.Rxf8+ Kd7 45.Rg8 c5 46.Kf3 Rc2 47.
Rxg6 Rc3+ 48.Kg2 Rc2 49.Kf3 Rc3+ 50.Kg4 Rc2 51.Bg1 Rc1 52.Bf2 Rc2 53.Bg1 
Rc1 54.Bf2 Rc2 1/2-1/2

[Event "23rd EUR-ch"]
[Site "Vrnjacka Banja SRB"]
[Date "2023.03.06"]
[Round "4.85"]
[White "Vogel, Roven"]
[Black "Ahmad, Khagan"]
[Result "0-1"]
[WhiteElo "2462"]
[BlackElo "2220"]
[EventDate "2023.03.03"]
[PlyCount "58"]

1.d4 Nf6 2.c4 e6 3.Nf3 d5 4.g3 Be7 5.Bg2 O-O 6.Qc2 c5 7.dxc5 Qa5+ 8.Nc3 
Qxc5 9.cxd5 Nxd5 10.Ng5 Bxg5 11.Bxg5 Bd7 12.Rc1 Nxc3 13.Be3 Qb5 14.Qxc3 
Bc6 15.f3 Nd7 16.Kf2 Rac8 17.Qa3 a6 18.b3 Qf5 19.Rhd1 Nf6 20.Bf4 e5 21.e4 
Bxe4 22.fxe4 Qh5 23.Bd2 Qxh2 24.Be1 Ng4+ 25.Kf3 Qg1 26.Kxg4 Qxg2 27.Rd2 
h5+ 28.Kh4 Qh1+ 29.Kg5 Qh3 0-1

[Event "23rd EUR-ch"]
[Site "Vrnjacka Banja SRB"]
[Date "2023.03.06"]
[Round "4.86"]
[White "Todorovic, Bojan"]
[Black "Stefansson, Vignir Vatnar"]
[Result "0-1"]
[WhiteElo "2249"]
[BlackElo "2461"]
[EventDate "2023.03.03"]
[PlyCount "90"]

1.d4 d5 2.c4 e6 3.Nc3 Nf6 4.cxd5 exd5 5.Bg5 c6 6.e3 Bd6 7.Bd3 O-O 8.Qc2 h6
9.Bh4 Re8 10.Nge2 a5 11.Bg3 Bf8 12.O-O b5 13.a4 b4 14.Nb1 Qb6 15.Nd2 Nbd7 
16.Nb3 Ne4 17.Rac1 Bb7 18.Rfd1 Qd8 19.Nf4 Qg5 20.Bxe4 dxe4 21.d5 c5 22.d6 
Rec8 23.Nd2 Qf5 24.f3 Bxd6 25.fxe4 Qg4 26.Nc4 Bf8 27.e5 Bc6 28.e6 fxe6 29.
Rxd7 Bxd7 30.Ne5 Bxa4 31.Qxa4 Qf5 32.Nfg6 Qe4 33.Bf4 Ra7 34.h3 c4 35.Rd1 
Bc5 36.Kf2 Rf8 37.Nxf8 Qxf4+ 38.Nf3 Qxe3+ 39.Kg3 Qf2+ 40.Kh2 Bxf8 41.Qc6 
Qe3 42.Qxc4 Rf7 43.Qc6 Rf6 44.Re1 Qc5 45.Qa8 Qd5 0-1

[Event "23rd EUR-ch"]
[Site "Vrnjacka Banja SRB"]
[Date "2023.03.06"]
[Round "4.87"]
[White "Sanikidze, Tornike"]
[Black "Gajcin, Marina"]
[Result "1-0"]
[WhiteElo "2459"]
[BlackElo "2215"]
[EventDate "2023.03.03"]
[PlyCount "115"]

1.d4 Nf6 2.Nf3 g6 3.Bf4 Bg7 4.Nc3 d5 5.Nb5 Na6 6.e3 c6 7.Nc3 Nb8 8.h3 O-O 
9.Be2 a5 10.O-O Re8 11.Re1 b5 12.Bd3 b4 13.Na4 Nfd7 14.e4 Ba6 15.e5 e6 16.
Qd2 Bb5 17.b3 Bxd3 18.cxd3 Na6 19.Rac1 Rc8 20.Rc2 Qc7 21.Bh6 Bh8 22.h4 Qb7
23.Qf4 Re7 24.Bg5 Ree8 25.Nh2 Bg7 26.Ng4 Qc7 27.Nh6+ Bxh6 28.Bxh6 f6 29.
exf6 Kf7 30.Qxc7 Rxc7 31.Bf4 Rcc8 32.Rec1 e5 33.dxe5 Nxe5 34.Nb6 Nxd3 35.
Nxc8 Rxc8 36.Rxc6 Nxc1 37.Rxc8 Ne2+ 38.Kf1 Nxf4 39.Rc6 Nb8 40.Rc7+ Kxf6 
41.Rb7 Ke5 42.Rxb8 Ke4 43.g3 Nd3 44.Rc8 Kd4 45.Ke2 Nc5 46.Ra8 Ne4 47.Rxa5 
Nc3+ 48.Kd2 Ne4+ 49.Ke1 Nc3 50.a3 bxa3 51.Rxa3 Kd3 52.Ra7 Kc2 53.Rxh7 d4 
54.Rc7 Kxb3 55.Kd2 Nd5 56.Rc6 d3 57.Rxg6 Kc4 58.Rg4+ 1-0

[Event "23rd EUR-ch"]
[Site "Vrnjacka Banja SRB"]
[Date "2023.03.06"]
[Round "4.88"]
[White "Rozen, Eytan"]
[Black "Sahin, Ozgun"]
[Result "1-0"]
[WhiteElo "2458"]
[BlackElo "2177"]
[EventDate "2023.03.03"]
[PlyCount "75"]

1.d4 d5 2.c4 e6 3.Nf3 Nf6 4.g3 Bb4+ 5.Bd2 Be7 6.Bg2 O-O 7.O-O dxc4 8.Qc2 
a6 9.a4 c5 10.dxc5 Bxc5 11.Qxc4 Qe7 12.Rc1 Nbd7 13.Nc3 Nb6 14.Qh4 h6 15.a5
Nbd5 16.Na4 Bb4 17.Bxb4 Qxb4 18.Qxb4 Nxb4 19.Ne5 Nbd5 20.e4 Nb4 21.Nb6 Rb8
22.Rc7 Nc6 23.f4 Na7 24.Rd1 Nc6 25.Rc1 Na7 26.h4 Ne8 27.R7c2 Nf6 28.g4 Rd8
29.Rc7 Rf8 30.Bf3 g5 31.fxg5 hxg5 32.hxg5 Nh7 33.g6 fxg6 34.Bg2 Ng5 35.
Nxg6 Rf7 36.Ne7+ Kg7 37.Nexc8 Nxc8 38.Rxf7+ 1-0

[Event "23rd EUR-ch"]
[Site "Vrnjacka Banja SRB"]
[Date "2023.03.06"]
[Round "4.89"]
[White "Ozdemir, Serhan Berat"]
[Black "Nevednichy, Vladislav"]
[Result "1/2-1/2"]
[WhiteElo "2200"]
[BlackElo "2457"]
[EventDate "2023.03.03"]
[PlyCount "63"]

1.e4 c5 2.Nf3 Nc6 3.Bb5 d6 4.O-O Bd7 5.Re1 Nf6 6.h3 a6 7.Bf1 e5 8.c3 Be7 
9.d4 O-O 10.a4 Rc8 11.Na3 exd4 12.cxd4 d5 13.exd5 Nxd5 14.dxc5 Be6 15.Nc4 
Bxc5 16.Bg5 Nf6 17.Rc1 Qxd1 18.Rcxd1 Rfd8 19.Rxd8+ Rxd8 20.Ne3 h6 21.Bxf6 
gxf6 22.Bc4 Bxe3 23.Bxe6 fxe6 24.Rxe3 Rd1+ 25.Kh2 Kf7 26.Rb3 Rd7 27.g4 e5 
28.Kg2 Na5 29.Rb4 Nc6 30.Rb3 Na5 31.Rb4 Nc6 32.Rb3 1/2-1/2

[Event "23rd EUR-ch"]
[Site "Vrnjacka Banja SRB"]
[Date "2023.03.06"]
[Round "4.90"]
[White "Pogorelsky, Sofia"]
[Black "Gurel, Ediz"]
[Result "0-1"]
[WhiteElo "2102"]
[BlackElo "2454"]
[EventDate "2023.03.03"]
[PlyCount "188"]

1.e4 c5 2.Nf3 d6 3.d4 cxd4 4.Nxd4 Nf6 5.f3 e5 6.Nb3 d5 7.Bg5 dxe4 8.Qxd8+ 
Kxd8 9.fxe4 Bb4+ 10.c3 Be7 11.N1d2 Be6 12.O-O-O Nbd7 13.Na5 Kc7 14.Bc4 Nc5
15.Bxe6 Nxe6 16.Bh4 Rhe8 17.Nac4 Ng4 18.Bg3 Nf4 19.Kb1 Bg5 20.Nf3 f6 21.
Nxg5 fxg5 22.a4 Rad8 23.h4 Ne2 24.Rxd8 Rxd8 25.Bxe5+ Nxe5 26.Nxe5 Ng3 27.
Re1 Re8 28.Nf3 g4 29.Nd2 h5 30.e5 Nf5 31.Nc4 Nxh4 32.Rh1 g5 33.g3 Nf5 34.
Rxh5 Rg8 35.Rh7+ Kc6 36.Rf7 Nxg3 37.Ne3 Rh8 38.Rf6+ Kd7 39.Nxg4 Rh4 40.
Rd6+ Ke8 41.Nf6+ Kf7 42.Nd5 Re4 43.Rf6+ Kg7 44.e6 g4 45.Rf7+ Kg6 46.Rf8 
Nf5 47.Rg8+ Ng7 48.Kc2 g3 49.Nc7 Kh7 50.Rd8 g2 51.Rd1 Nxe6 52.Kd3 Nc5+ 53.
Kd2 Nxa4 54.Rg1 Rg4 55.Nd5 Rg3 56.b3 Nc5 57.Nf4 Ne4+ 58.Kc2 Rxc3+ 59.Kb2 
Rf3 60.Nxg2 Nc5 61.Nh4 Rxb3+ 62.Kc2 Rb5 63.Nf5 Ne6 64.Nd6 Rc5+ 65.Kb2 Rc6 
66.Ne4 Nc5 67.Nc3 Rg6 68.Rd1 Rb6+ 69.Kc2 Rc6 70.Nb5 a6 71.Nd4 Rc7 72.Kd2 
Kg6 73.Rf1 Ne4+ 74.Kd3 Nc5+ 75.Kd2 b5 76.Rb1 Rd7 77.Ke3 Rb7 78.Nc6 Kf6 79.
Rf1+ Kg7 80.Kd4 Na4 81.Kd5 Rb6 82.Rf4 Kg6 83.Rf8 b4 84.Ne5+ Kg7 85.Rf7+ 
Kg8 86.Rf1 b3 87.Nc4 Rb4 88.Rf6 Nb6+ 89.Nxb6 b2 90.Rf1 Rxb6 91.Rb1 a5 92.
Kc4 a4 93.Kc3 a3 94.Kc2 a2 0-1

[Event "23rd EUR-ch"]
[Site "Vrnjacka Banja SRB"]
[Date "2023.03.06"]
[Round "4.91"]
[White "Tregubenko, Nikolai"]
[Black "Shubin, Kirill"]
[Result "1/2-1/2"]
[WhiteElo "2022"]
[BlackElo "2449"]
[EventDate "2023.03.03"]
[PlyCount "58"]

1.e4 e6 2.d4 d5 3.Nc3 Nf6 4.e5 Nfd7 5.f4 c5 6.Nce2 Nc6 7.Nf3 Qb6 8.c3 Be7 
9.h4 f6 10.h5 O-O 11.Rh3 cxd4 12.cxd4 fxe5 13.fxe5 Bb4+ 14.Bd2 Rxf3 15.
gxf3 Nxd4 16.Nxd4 Qxd4 17.Bxb4 Qxb4+ 18.Qd2 Qxd2+ 19.Kxd2 Nxe5 20.f4 Ng4 
21.Rc1 Nf6 22.Rh2 Kf8 23.h6 g6 24.Rc7 b5 25.Bxb5 Rb8 26.Kc1 Rxb5 27.Rxc8+ 
Ke7 28.Rc7+ Kd6 29.Rg7 Rb8 1/2-1/2

[Event "23rd EUR-ch"]
[Site "Vrnjacka Banja SRB"]
[Date "2023.03.06"]
[Round "4.92"]
[White "Nigalidze, Gaioz"]
[Black "Zlatkov, Anton"]
[Result "1-0"]
[WhiteElo "2448"]
[BlackElo "2174"]
[EventDate "2023.03.03"]
[PlyCount "61"]

1.e4 c5 2.Nf3 Nc6 3.d4 cxd4 4.Nxd4 Nf6 5.Nc3 e5 6.Ndb5 d6 7.Nd5 Nxd5 8.
exd5 Nb8 9.Bd2 Be7 10.a4 O-O 11.Be2 a6 12.Na3 a5 13.Bb5 Nd7 14.Qe2 f5 15.
O-O-O Nc5 16.Kb1 f4 17.f3 Bf5 18.Bc3 Bf6 19.Nc4 e4 20.Qe1 b6 21.Bxf6 Rxf6 
22.Rd4 e3 23.g3 Rc8 24.Qc3 fxg3 25.hxg3 Rc7 26.Re1 Re7 27.Rxe3 Rxe3 28.
Qxe3 Rf7 29.Rd1 Re7 30.Qf4 Qf8 31.Nxd6 1-0

[Event "23rd EUR-ch"]
[Site "Vrnjacka Banja SRB"]
[Date "2023.03.06"]
[Round "4.93"]
[White "Bjelanovic, Mile"]
[Black "Stoyanov, Tsvetan"]
[Result "0-1"]
[WhiteElo "2017"]
[BlackElo "2446"]
[EventDate "2023.03.03"]
[PlyCount "66"]

1.e4 c6 2.d4 d5 3.Nd2 dxe4 4.Nxe4 Nf6 5.Nxf6+ exf6 6.c3 Bd6 7.Bd3 O-O 8.
Qc2 Re8+ 9.Ne2 h5 10.O-O h4 11.Bf4 Na6 12.h3 Nc7 13.Bxd6 Qxd6 14.Rfe1 Bd7 
15.Bh7+ Kh8 16.Bf5 Rad8 17.Rad1 Ne6 18.Qe4 Nf4 19.Qxf4 Qxf4 20.Nxf4 Bxf5 
21.Kf1 Kh7 22.Rxe8 Rxe8 23.Re1 Rxe1+ 24.Kxe1 g5 25.Ne2 Bb1 26.a3 Kg6 27.
Kd2 Ba2 28.Ke3 Bc4 29.Nc1 Bf1 30.Kf3 f5 31.Ne2 g4+ 32.Ke3 Bxg2 33.Nf4+ Kf6
0-1

[Event "23rd EUR-ch"]
[Site "Vrnjacka Banja SRB"]
[Date "2023.03.06"]
[Round "4.94"]
[White "Wojtaszek, Radoslaw"]
[Black "Efremov, Vladislav"]
[Result "1-0"]
[WhiteElo "2682"]
[BlackElo "2120"]
[EventDate "2023.03.03"]
[PlyCount "131"]

1.Nf3 d5 2.g3 Nf6 3.Bg2 e6 4.O-O Be7 5.c4 dxc4 6.Qa4+ Nbd7 7.Qxc4 a6 8.Qc2
O-O 9.d4 Rb8 10.Rd1 b5 11.Ne5 Bb7 12.Nc6 Bxc6 13.Bxc6 Nb6 14.a3 Nc4 15.b3 
Na5 16.Bf3 c6 17.Bb2 Rc8 18.Nc3 Qb6 19.e3 Nb7 20.Ne4 Nxe4 21.Qxe4 Nd6 22.
Qe5 a5 23.Qc5 Qc7 24.Qc3 Qb6 25.a4 b4 26.Qc5 Qxc5 27.dxc5 Ne8 28.Rd7 Bf6 
29.Bxf6 Nxf6 30.Ra7 Ra8 31.Rxa8 Rxa8 32.Bxc6 Rc8 33.Rd1 Kf8 34.Bb5 Rxc5 
35.Rd8+ Ke7 36.Ra8 Ne4 37.Rxa5 Nd2 38.Ra7+ Kf8 39.Rb7 Nxb3 40.Be2 Nc1 41.
Bd1 b3 42.Bxb3 Nxb3 43.Rxb3 Rc1+ 44.Kg2 Ra1 45.Rb4 h5 46.h4 g6 47.Kf3 Ra2 
48.Rb8+ Ke7 49.Ra8 Kf6 50.a5 Kg7 51.a6 Kf6 52.Ra7 Ra4 53.Ke2 Ra2+ 54.Ke1 
e5 55.f3 Ra3 56.Kd2 Ke6 57.Ra8 Kf6 58.Ke2 Kf5 59.Ra7 Kf6 60.e4 Ke6 61.Ra8 
Kf6 62.g4 Ke7 63.g5 Kd7 64.Kd2 Ke6 65.Kc2 f5 66.a7 1-0

[Event "23rd EUR-ch"]
[Site "Vrnjacka Banja SRB"]
[Date "2023.03.06"]
[Round "4.95"]
[White "Chigaev, Maxim"]
[Black "Bashirli, Nail"]
[Result "1-0"]
[WhiteElo "2632"]
[BlackElo "2343"]
[EventDate "2023.03.03"]
[PlyCount "44"]

1.c4 e5 2.g3 Nc6 3.Bg2 g6 4.Nc3 Bg7 5.e3 d6 6.Nge2 Nge7 7.Rb1 a5 8.a3 O-O 
9.O-O Be6 10.Nd5 Qd7 11.d3 Rab8 12.Nec3 g5 13.b4 axb4 14.axb4 f5 15.f4 
gxf4 16.b5 Nd8 17.exf4 Ng6 18.fxe5 Nxe5 19.Kh1 Kh8 20.Ne2 Bf7 21.Nd4 Bg6 
22.Bg5 Ng4 1-0

[Event "23rd EUR-ch"]
[Site "Vrnjacka Banja SRB"]
[Date "2023.03.06"]
[Round "4.96"]
[White "Rodshtein, Maxim"]
[Black "Van Foreest, Machteld"]
[Result "1-0"]
[WhiteElo "2622"]
[BlackElo "2341"]
[EventDate "2023.03.03"]
[PlyCount "51"]

1.c4 e6 2.g3 d5 3.Bg2 Nf6 4.Nf3 Be7 5.O-O O-O 6.d4 c6 7.Nc3 b6 8.b3 Bb7 9.
Bb2 Nbd7 10.Qd3 Rc8 11.Rfd1 Qc7 12.Rac1 Rfd8 13.cxd5 exd5 14.Nh4 Qb8 15.
Nf5 Bf8 16.e4 dxe4 17.Nxe4 Nxe4 18.Qxe4 Nf6 19.Qh4 Nd5 20.Re1 Re8 21.Qg5 
Kh8 22.Ne3 Qd6 23.Nc4 Rxe1+ 24.Rxe1 Qb4 25.Rc1 c5 26.Ne5 1-0

[Event "23rd EUR-ch"]
[Site "Vrnjacka Banja SRB"]
[Date "2023.03.06"]
[Round "4.97"]
[White "Bournel, Antoine"]
[Black "Motylev, Alexander"]
[Result "0-1"]
[WhiteElo "2377"]
[BlackElo "2621"]
[EventDate "2023.03.03"]
[PlyCount "53"]

1.d4 Nf6 2.c4 c6 3.Nc3 d5 4.Nf3 dxc4 5.a4 a5 6.e4 Bg4 7.Bxc4 e6 8.Be3 Bb4 
9.Qc2 Nbd7 10.O-O Bxf3 11.gxf3 O-O 12.Kh1 e5 13.Rad1 exd4 14.Bxd4 Qc7 15.
Rg1 Bd6 16.Rg2 Be5 17.Be3 Bf4 18.Rdg1 g6 19.Qc1 Nh5 20.Ne2 Bxe3 21.Qxe3 
Ne5 22.Ba2 Rad8 23.f4 Nd3 24.e5 Kh8 25.Bb1 Qd7 26.Bc2 Nb4 27.Be4 0-1